Statistiken für Länder, die Deutschland am häufigsten besuchen

Klicken Sie hier um das Quiz zu spielen!

Allgemein

  • Dieses Quiz wurde 4.629 mal gespielt
  • Das Durchschnittsergebnis liegt bei 11 aus 12

Antwortstatistiken

BesucherLand% Korrekt
3'446'000Frankreich
98%
5'743'000Vereinigte Staaten
97%
3'739'000Österreich
97%
6'563'000Schweiz
96%
2'789'000Spanien
96%
2'639'000Polen
96%
3'663'000Italien
95%
11'255'000Niederlande
94%
3'320'000Dänemark
90%
3'173'000Belgien
90%
5'599'000Vereinigtes Königreich
86%
2'582'000China
85%

Verteilung der Resultate

Perzentil nach korrekt beantworteten Fragen

Anzahl Personen mit jedem Resultat

Ihre Resultats-Entwicklung

Sie haben dieses Quiz noch nicht gespielt